000 00468 a2200121 4500
001 ART_2833
005 20260410161710.0
008 260409a
245 1 0 _aLas consecuencias económicas y sociales de las políticas económicas ortodoxas aplicadas en la República Argentina durante los años de postguerra
100 1 _aEshag, Eprime
700 1 _aThorp, Rosemary
773 0 _tDesarrollo económico
_g- Vol. 4, Nº 16 (abr./jun. 1965)
_wREV1174
999 _c16008
_d16008